Die Situation im Strafvollzug und die Vollzugspolitik im Land Mecklenburg-Vorpommern

Guardado en:  
Detalles Bibliográficos
Autor principal: Babendreyer, Joachim (Autor)
Tipo de documento: Print Artículo
Lenguaje:Alemán
Publicado: 1999
En: Neue Steuerungsmodelle im Strafvollzug
Año: 1999, Páginas: 31-40
Verificar disponibilidad: HBZ Gateway
Palabras clave:

MARC

LEADER 00000caa a22000002c 4500
001 152592527X
003 DE-627
005 20220604104953.0
007 tu
008 160223s1999 xx ||||| 00| ||ger c
035 |a (DE-627)152592527X 
035 |a (DE-576)455925275 
035 |a (DE-599)BSZ455925275 
040 |a DE-627  |b ger  |c DE-627  |e rakwb 
041 |a ger 
100 1 |a Babendreyer, Joachim  |4 aut 
245 1 4 |a Die Situation im Strafvollzug und die Vollzugspolitik im Land Mecklenburg-Vorpommern  |c Joachim Babendreyer 
264 1 |c 1999 
336 |a Text  |b txt  |2 rdacontent 
337 |a ohne Hilfsmittel zu benutzen  |b n  |2 rdamedia 
338 |a Band  |b nc  |2 rdacarrier 
773 0 8 |i In  |t Neue Steuerungsmodelle im Strafvollzug  |d Hannover : Eigenverlag der Bundesvereinigung der Anstaltsleiter im Strafvollzug, 1999  |g (1999), Seite 31-40  |h 188 S.  |w (DE-627)1172212465  |w (DE-576)102212465  |7 nnam 
773 1 8 |g year:1999  |g pages:31-40 
935 |a mkri 
951 |a AR 
ELC |b 1 
LOK |0 000 xxxxxcx a22 zn 4500 
LOK |0 001 2899404199 
LOK |0 003 DE-627 
LOK |0 004 152592527X 
LOK |0 005 20260216143412 
LOK |0 008 160208||||||||||||||||ger||||||| 
LOK |0 040   |a DE-21-110  |c DE-627  |d DE-21-110 
LOK |0 689   |a s  |a Strafvollzug 
LOK |0 689   |a s  |a Situation 
LOK |0 689   |a g  |a Mecklenburg-Vorpommern 
LOK |0 852   |a DE-21-110 
LOK |0 852 1  |m p  |9 00 
LOK |0 935   |a k110 
LOK |0 938   |k p 
LOK |0 939   |a 08-02-16  |b l01 
ORI |a WA-MARC-krimdoka001.raw